All NBC Superstore Episodes - Statistics

General Stats
  • This quiz has been taken 142 times
  • The average score is 33 of 113
Answer Stats
Season Episode Answer Episode Total % Correct
1 1 Pilot 1
90%
2 22 Tornado 33
71%
2 21 Cheyenne's Wedding 32
63%
2 1 Olympics 12
56%
6 15 All Sales Final 113
54%
5 21 California Pt. 1 98
52%
6 2 California Pt. 2 100
52%
2 2 Strike 13
52%
1 11 Labor 11
50%
5 14 Sandra's Wedding 91
50%
1 9 All-Nighter 9
44%
4 1 Back to School 56
42%
2 10 Black Friday 21
42%
4 12 Blizzard 67
42%
1 7 Color Wars 7
42%
2 7 Halloween Theft 18
42%
2 3 Back to Work 14
40%
2 6 Dog Adoption Day 17
40%
2 4 Guns, Pills and Birds 15
40%
3 9 Golden Globes Party 42
38%
1 2 Magazine Profile 2
38%
2 18 Mateo's Last Day 29
38%
3 5 Sal's Dead 38
38%
3 22 Town Hall 55
38%
3 7 Christmas Eve 40
35%
3 10 High Volume Store 43
35%
1 3 Shots and Salsa 3
35%
4 2 Baby Shower 57
33%
3 2 Brett's Dead 35
33%
3 17 District Manager 50
33%
3 20 Gender Reveal 53
33%
2 19 Glenn's Kids 30
33%
3 1 Grand Re-Opening 34
33%
2 13 Ladies' Lunch 24
33%
1 4 Mannequin 4
33%
3 3 Part-Time Hires 36
33%
4 17 Quinceañera 72
33%
4 21 Sandra's Fight 76
33%
2 9 Seasonal Help 20
33%
2 15 Super Hot Store 26
33%
2 14 Valentine's Day 25
33%
4 6 Maternity Leave 61
31%
4 11 Steps Challenge 66
31%
3 8 Viral Video 41
31%
3 21 Aftermath 54
29%
4 4 Costume Competition 59
29%
4 5 Delivery Day 60
29%
1 10 Demotion 10
29%
2 11 Lost and Found 22
29%
5 12 Myrtle 89
29%
6 14 Perfect Store 112
29%
4 15 Salary 70
29%
2 5 Spokesman Scandal 16
29%
2 20 Spring Cleaning 31
29%
2 16 Wellness Fair 27
29%
3 4 Workplace Bullying 37
29%
3 11 Angels and Mermaids 44
27%
5 1 Cloud 9.0 78
27%
5 16 Employee App 93
27%
4 13 Love Birds 68
27%
1 6 Secret Shopper 6
27%
1 5 Shoplifter 5
27%
1 8 Wedding Day Sale 8
27%
5 19 Carol's Back 96
25%
4 20 #Cloud9Fail 75
25%
5 20 Customer Safari 97
25%
4 16 Easter 71
25%
2 8 Election Day 19
25%
3 12 Groundhog Day 45
25%
3 6 Health Fund 39
25%
2 17 Integrity Award 28
25%
3 19 Lottery 52
25%
4 8 Managers' Conference 63
25%
2 12 Rebranding 23
25%
3 14 Safety Training 47
25%
3 16 Target 49
25%
4 3 Toxic Workplace 58
25%
3 13 Video Game Release 46
25%
3 15 Amnesty 48
23%
6 6 Biscuit 104
23%
4 10 Cloud 9 Academy 65
23%
4 22 Employee Appreciation Day 77
23%
6 3 Floor Supervisor 101
23%
5 11 Lady Boss 88
23%
6 13 Lowell Anderson 111
23%
4 7 New Initiative 62
23%
6 11 Deep Cleaning 109
21%
5 6 Trick-or-Treat 83
21%
5 15 Cereal Bar 92
19%
4 18 Cloud Green 73
19%
6 10 Depositions 108
19%
3 18 Local Vendors Day 51
19%
4 19 Scanners 74
19%
5 17 Zephra Cares 94
19%
6 12 Customer Satisfaction 110
17%
5 3 Forced Hire 80
17%
4 14 Minor Crimes 69
17%
5 10 Negotiations 87
17%
4 9 Shadowing Glenn 64
17%
5 2 Testimonials 79
17%
6 7 The Trough 105
17%
6 1 Essential 99
15%
6 8 Ground Rules 106
15%
6 5 Hair Care Products 103
15%
5 18 Playdate 95
15%
5 8 Toy Drive 85
15%
6 9 Conspiracy 107
13%
5 9 Curbside Pickup 86
13%
5 13 Favoritism 90
13%
5 4 Mall Closing 81
13%
6 4 Prize Wheel 102
13%
5 5 Self-Care 82
13%
5 7 Shoplifter Rehab 84
10%
No matching quizzes found
Score Distribution
Percent of People with Each Score
Percentile by Number Answered
Your Score History
You have not taken this quiz